South Eastern Kenya University

Library Online Public Access Catalogue


Mechanical behavior of high polymers. (Record no. 2278)

MARC details
000 -LEADER
fixed length control field 00368cam a22001331 4500
050 00 - LIBRARY OF CONGRESS CALL NUMBER
Classification Number TP156.P6
Item Number A45
100 1# - MAIN ENTRY--Author
Personal name Alfrey, Turner,
Dates associated with a name 1918-
245 10 - TITLE
Title Mechanical behavior of high polymers.
260 ## - PUBLICATION, DISTRIBUTION, ETC.(IMPRINT)
Place of publication, distribution, etc New York,
Name of publisher, distributor, etc Interscience Publishers,
Date of publication, distribution, etc 1948.
300 ## - PHYSICAL DESCRIPTION
Extent xiv, 581 p.
500 ## - GENERALNOTE
General note Includes Index
650 #0 - SUBJECT--TOPIC
Topical term following geographic name as entry element Mechanical behavior of high polymers.
942 ## - ADDED ENTRY ELEMENTS(KOHA)
Koha item type General circulation
Holdings
Source of classification or shelving scheme Not for loan Location (home branch) Sublocation (holding branch) Date accessioned Cost, normal purchase price Full call number Barcode Cost, replacement price Nonpublic note Koha item type Public note
Library of Congress Classification   Main Campus Library Main Campus Library 28/08/2014 4128.15 TP156.P6 A45 2019/024488 4628.00 BONNIE General circulation BONNIE
Kitui, Kenya.
+254736116989
library@seku.ac.ke